000 00492nam a2200181Ia 4500
008 090124s9999 xx 000 0 und d
082 _b125964
100 _aमेहता शशिकला
245 _a मनस्विनी
250 _a1
260 _c1987
300 _a203
600 _aमेहता शशिकला
630 _a मनस्विनी
700 _aमेहता शशिकला
730 _a मनस्विनी
942 _cBOOK
999 _c172054
_d172054